Ed Emberley's picture pie (Record no. 7360)

MARC details
000 -LEADER
fixed length control field 00888nam a22002657a 4500
001 - CONTROL NUMBER
control field 7360
003 - CONTROL NUMBER IDENTIFIER
control field FISKH
005 - DATE AND TIME OF LATEST TRANSACTION
control field 20250710145257.0
008 - FIXED-LENGTH DATA ELEMENTS--GENERAL INFORMATION
fixed length control field 250710b cb ||||| |||| 00| 0 eng d
020 ## - INTERNATIONAL STANDARD BOOK NUMBER
International Standard Book Number 9780316789820
040 ## - CATALOGING SOURCE
Original cataloging agency FISKH
Language of cataloging eng
Transcribing agency FISKH
Modifying agency FISKH
050 ## - LIBRARY OF CONGRESS CALL NUMBER
Classification number NC825.C53 E48
082 ## - DEWEY DECIMAL CLASSIFICATION NUMBER
Classification number 741.2
100 ## - MAIN ENTRY--PERSONAL NAME
Personal name Emberley, Ed
245 ## - TITLE STATEMENT
Title Ed Emberley's picture pie
Remainder of title A cut and paste drawing book /
250 ## - EDITION STATEMENT
Edition statement First Revised Paperback Edition: January 2006.
260 ## - PUBLICATION, DISTRIBUTION, ETC.
Place of publication, distribution, etc. New York :
Name of publisher, distributor, etc. Little Brown,
Date of publication, distribution, etc. 1984
300 ## - PHYSICAL DESCRIPTION
Extent 48 pages :
Other physical details color illustrations ;
Dimensions 28 cm
505 ## - FORMATTED CONTENTS NOTE
Formatted contents note NP<br/>
520 ## - SUMMARY, ETC.
Summary, etc. Shows how to cut a basic circle into arcs and curves and use the pieces to draw birds, animals, snowmen, fish, and many other objects and designs.<br/>
650 ## - SUBJECT ADDED ENTRY--TOPICAL TERM
Topical term or geographic name entry element Art
Form subdivision Geometry
General subdivision Papercraft
650 ## - SUBJECT ADDED ENTRY--TOPICAL TERM
Topical term or geographic name entry element Drawing
Form subdivision School Math
942 ## - ADDED ENTRY ELEMENTS (KOHA)
Source of classification or shelving scheme Dewey Decimal Classification
Koha item type Books
Suppress in OPAC No
Holdings
Withdrawn status Lost status Source of classification or shelving scheme Damaged status Not for loan Collection Home library Current library Shelving location Date acquired Total Checkouts Full call number Barcode Date last seen Copy number Price effective from Koha item type
    Dewey Decimal Classification     Non-Fiction Footprints International School Library Network Toul Kork Campus Footprints International School Library Network Toul Kork Campus TK Primary Library Room(4th Floor), Bookcase 7, Shelves 57-60, Dark Green Books 07/10/2025   EMB 741.2 NC825.C53 E48 FISTK02315 07/10/2025 1 07/10/2025 Books